000 00950nam a2200289Ia 4500
003 OSt
005 20220912145211.0
006 a|||||r|||| 00| 0
007 ta
008 220909b |||||||| |||| 00| 0 eng d
020 _a9783540880769 (hbd)
024 _a93115
037 _b2458, 01/01/2010, New India Book Agency
037 _cTextbook
040 _aCSL
_beng
_cCSL
041 _aeng
082 _aD65,8(B):(L72), P9 TD
100 _aKolman Eyal
245 0 _aKnowledge-based neurocomputing:a fuzzy logic approach
260 _aBerlin
_bSpringer Verlag
_c2009
300 _axv, 100p.
_ccm.
490 _aStudies in fuzziness and soft computing
500 _aAppendix A-B, 83-88p.; References 89-98p.; Index 99-100p.
700 _a Margaliot Michael
942 _hD65,8(B):(L72), P9 TD
_cTB
_2CC
999 _c25790
_d25790